| 000 | 00340nam a2200145Ia 4500 | ||
|---|---|---|---|
| 005 | 20251222152030.0 | ||
| 008 | 251222s9999||||xx |||||||||||||| ||spa|| | ||
| 020 | _a8475252028 | ||
| 082 | _a842.8/D96 | ||
| 100 | _aDumas, Alexandre | ||
| 245 | 0 | _aLa Dama de las Camelias | |
| 250 | _a1ra. ed. | ||
| 264 | _bEdiciones Anaya | ||
| 942 | _cLIB | ||
| 999 |
_c25613 _d25613 |
||